00640nam a2200229Ia 4500008004100000041001200041082001000053082001100063100001700074100001100091245002100102260001100123260002100134260000900155300001500164365002500179650002700204650002700231942000700258999001900265952012600284150909s9999 xx 000 0 und d aEnglish a338.1 bFAR/GR aFarmer B.H  eEditor aGreen revolution aLondon bMac millan press c1977 a429 Pages aRs.143  aAgricultural Economics aAgricultural Extension cBK c228181d228181 00104070aKAUCOAbKAUCOAd2015-09-16g143.00l0o338.1 FAR/GRpKAU-COA-10536 r2015-09-16 00:00:00w2015-09-16yBK